000 00616nam a2200205Ia 4500
001 15369
003 GE_BSU
008 181216s||||||||xx |||||||||||||| ||und||
040 _cGE_BSU
080 _a821.353.1-1
100 _aფირცხალაიშვილი,ზურაბ
245 _aქვიშის ქალაქი
245 _cრედ.გ.მოისწრაფიშვილი
260 _aბათუმი
260 _bსაბჭოთა აჭარა
260 _c1980
300 _a53გვ.15სმ.
653 _aქვიშის ქალაქი
942 _cBK
999 _c48475
_d48475